00931cam a2200133Ii 4500040000800000082002600008100001900034245013000053300005800183520047500241650001600716650002000732710004500752 cNLE04a508 KNA 2004 C074 Or.1 aKnapp, Sandra,10aEconomic Botany : bCABALLITO BOATS MADE FROM TOTORA (SCHOENOPLECTUS CALIFORNICUS) STORED ALONG THE BEACH FRONT AT HUANCHACO, a183 pages :billustrations, map, facsimilies ;c17 cm a"Written by Museum botanist Dr Sandra Knapp, this compact little book explores Wallace's Amazonian expedition. He spent four years from 1848 - 1852 exploring the Upper Amazon Basin, a vast area of rainforest where few Europeans had ever been before, collecting thousands of specimens. The book describes Wallace's arduous journey, looks at his development as a naturalist and explains how the loss of most of his specimens during his journey home affected his future" -- 0aNaturalists 0aNatural history2 aNatural History Museum (London, England)